[Event "SLO-chT (Women)"]
[Site "Maribor"]
[Date "2019.04.07"]
[Round "4.1"]
[White "Novak, Ksenija"]
[Black "Hitter, Gabriela"]
[Result "1/2-1/2"]
[WhiteElo "2044"]
[BlackElo "2150"]
[PlyCount "143"]
[EventDate "2019.04.04"]
[EventType "team-tourn"]
[EventRounds "7"]
[EventCountry "SLO"]
[SourceTitle "CBM 190 Extra"]
[Source "ChessBase"]
[SourceDate "2019.07.15"]
[SourceVersion "1"]
[SourceVersionDate "2019.07.15"]
[SourceQuality "1"]
[WhiteTeam "Celjski (W)"]
[BlackTeam "Pomgrad Radenska (W)"]
[WhiteTeamCountry "SLO"]
[BlackTeamCountry "SLO"]

1. e4 c5 2. Nf3 d6 3. d4 cxd4 4. Nxd4 Nf6 5. Nc3 a6 6. h3 e6 7. g4 d5 8. Nde2 Bb4 9. a3 Bxc3+ 10. Nxc3 Nxe4 11. Nxe4 dxe4 12. Qxd8+ Kxd8 13. Be3 Nd7 14. 0-0-0 Ke7 15. Bg2 f5 16. gxf5 exf5 17. f3 Nf6 18. Bg5 exf3 19. Bxf3 h6 20. Rhe1+ Kf7 21. Bxf6 Kxf6 22. h4 Kg6 23. Re7 Kf6 24. Re2 Kg6 25. Re7 Kf6 26. Re2 Kg6 27. Rg2+ Kf6 28. Rdg1 g5 29. hxg5+ hxg5 30. Rxg5 Rb8 31. Rg8 Rxg8 32. Rxg8 b5 33. Kd2 Kf7 34. Rh8 Kg7 35. Rd8 Kf7 36. Ke3 Ke7 37. Rh8 Kd7 38. Kf4 Kc7 39. Rh6 Rb6 40. Rh7+ Kd6 41. b4 Be6 42. Ra7 Bc8 43. Bg2 Be6 44. Bb7 Kc7 45. Bd5+ Kd6 46. Bxe6 Kxe6 47. Rh7 Rc6 48. Rh6+ Kd5 49. Rxc6 Kxc6 50. Ke5 f4 51. Kxf4 Kd5 52. Ke3 Kc4 53. Kd2 Kd4 54. c3+ Kc4 55. Kc2 Kd5 56. Kd3 Kd6 57. Kd4 Kc6 58. c4 bxc4 59. Kxc4 Kb6 60. a4 Kc6 61. Kd4 Kd6 62. Ke4 Ke6 63. Kd4 Kd6 64. Ke4 Kc6 65. Kd4 Kd6 66. b5 axb5 67. axb5 Kc7 68. Kc5 Kb7 69. b6 Kb8 70. Kc6 Kc8 71. b7+ Kb8 72. Kb6 1/2-1/2

[Event "SLO-chT (Women)"]
[Site "Murska Sobota"]
[Date "2018.05.18"]
[Round "5"]
[White "Vidmar, Klara"]
[Black "Hitter, Gabriela"]
[Result "0-1"]
[WhiteElo "1747"]
[BlackElo "2121"]
[PlyCount "64"]
[EventDate "2018.04.10"]
[EventType "team-tourn"]
[EventRounds "7"]
[EventCountry "SLO"]
[SourceTitle "EXT 2020"]
[Source "ChessBase"]
[SourceDate "2019.10.17"]
[SourceVersion "1"]
[SourceVersionDate "2019.10.17"]
[SourceQuality "1"]
[WhiteTeam "Komenda SK (W)"]
[BlackTeam "Radenska Pomgrad (W)"]
[WhiteTeamCountry "SLO"]
[BlackTeamCountry "SLO"]

1. e4 c5 2. c3 d5 3. exd5 Qxd5 4. d4 Nf6 5. Nf3 Bg4 6. Be2 e6 7. 0-0 Nc6 8. Na3 cxd4 9. cxd4 Bxa3 10. bxa3 0-0 11. Be3 Rfd8 12. h3 Bh5 13. Qa4 a6 14. Rfd1 Rac8 15. Qb3 Na5 16. Qb2 Nc4 17. Qb3 b5 18. Rac1 Nxe3 19. fxe3 Qe4 20. Nd2 Qh4 21. Bxh5 Qxh5 22. Nf3 Qg6 23. Ne5 Qe4 24. Rf1 Nd5 25. Rxc8 Rxc8 26. Qd3 Qxd3 27. Nxd3 Nxe3 28. Rf3 Nc2 29. Rf4 Nxa3 30. Nc5 a5 31. Nb7 Nc4 32. Kf2 Kf8 0-1

[Event "HUN-chT2 Charousek 1314"]
[Site "Hungary"]
[Date "2013.10.20"]
[Round "3"]
[White "Hitter, Gabriela"]
[Black "Thurmer, Jeno"]
[Result "0-1"]
[WhiteElo "2067"]
[BlackElo "2096"]
[PlyCount "68"]
[EventDate "2013.09.08"]
[EventType "team-tourn"]
[EventRounds "11"]
[EventCountry "HUN"]
[SourceTitle "EXT 2016"]
[Source "ChessBase"]
[SourceDate "2015.10.08"]
[SourceVersion "1"]
[SourceVersionDate "2015.10.08"]
[SourceQuality "1"]
[WhiteTeam "Alsoszolnok"]
[BlackTeam "Komlo Banyasz"]
[WhiteTeamCountry "HUN"]
[BlackTeamCountry "HUN"]

1. e4 c5 2. Nf3 Nc6 3. d4 cxd4 4. Nxd4 Nf6 5. Nc3 e5 6. Ndb5 d6 7. Bg5 a6 8. Na3 b5 9. Nd5 Be7 10. Bxf6 Bxf6 11. c3 Bg5 12. g3 0-0 13. Bg2 Ne7 14. Nc2 Nxd5 15. Qxd5 Rb8 16. h4 Be6 17. Qd3 Bh6 18. Nb4 Bc4 19. Qd1 Rb6 20. g4 Bf4 21. b3 Be6 22. Qf3 Qc7 23. Rh3 Rb7 24. Qd1 Qd7 25. Bf3 h5 26. Be2 hxg4 27. Rd3 Rb6 28. Nd5 Bxd5 29. Rxd5 g3 30. Bg4 Qe7 31. Qf3 Qxh4 32. Ke2 Qh2 33. Rh1 g2 34. Rxh2 g1N+ 0-1

[Event "HUN-chT2 Charousek 1011"]
[Site "Hungary"]
[Date "2011.05.15"]
[Round "11"]
[White "Berta, Tibor"]
[Black "Hitter, Gabriela"]
[Result "1/2-1/2"]
[WhiteElo "2212"]
[BlackElo "2050"]
[PlyCount "62"]
[EventDate "2010.09.12"]
[EventType "team-tourn"]
[EventRounds "11"]
[EventCountry "HUN"]
[SourceTitle "EXT 2012"]
[Source "ChessBase"]
[SourceDate "2011.11.24"]
[SourceVersion "1"]
[SourceVersionDate "2011.11.24"]
[SourceQuality "1"]
[WhiteTeam "Paks II"]
[BlackTeam "Haladas II"]
[WhiteTeamCountry "HUN"]
[BlackTeamCountry "HUN"]

1. d4 d5 2. Nf3 c6 3. Bf4 Nf6 4. e3 e6 5. Bd3 Be7 6. 0-0 0-0 7. Qe2 b6 8. h3 Bb7 9. Rd1 Nbd7 10. c4 Re8 11. Nc3 c5 12. cxd5 Nxd5 13. Nxd5 exd5 14. dxc5 bxc5 15. Ba6 Qb6 16. Bxb7 Qxb7 17. Qd2 Nb6 18. b3 Rac8 19. Rac1 Red8 20. Qe2 h6 21. Be5 Nd7 22. Bc3 Bf6 23. Qd3 Bxc3 24. Qxc3 Nf6 25. Qe5 Re8 26. Qf5 Qa6 27. Rc2 g6 28. Qd3 Qb6 29. Rdc1 Re7 30. Qc3 Ne4 31. Qd3 Nf6 1/2-1/2

[Event "Szombathely Savaria-B"]
[Site "Szombathely"]
[Date "2011.01.07"]
[Round "5"]
[White "Varga, Melinda"]
[Black "Hitter, Gabriela"]
[Result "1/2-1/2"]
[WhiteElo "1989"]
[BlackElo "2050"]
[PlyCount "20"]
[EventDate "2011.01.04"]
[EventType "tourn"]
[EventRounds "10"]
[EventCountry "HUN"]
[EventCategory "4"]
[SourceTitle "CBM 140 Extra"]
[Source "ChessBase"]
[SourceDate "2011.03.01"]
[SourceVersion "1"]
[SourceVersionDate "2011.03.01"]
[SourceQuality "1"]

1. d4 d5 2. c4 e6 3. Nf3 Nf6 4. e3 c6 5. Bd3 Nbd7 6. 0-0 Be7 7. Nbd2 0-0 8. b3 b6 9. Bb2 Bb7 10. Qc2 Rc8 1/2-1/2

[Event "Szombathely Savaria-B"]
[Site "Szombathely"]
[Date "2011.01.06"]
[Round "4"]
[White "Hitter, Gabriela"]
[Black "Makk, Robert"]
[Result "0-1"]
[WhiteElo "2050"]
[BlackElo "2248"]
[PlyCount "70"]
[EventDate "2011.01.04"]
[EventType "tourn"]
[EventRounds "10"]
[EventCountry "HUN"]
[EventCategory "4"]
[SourceTitle "CBM 140 Extra"]
[Source "ChessBase"]
[SourceDate "2011.03.01"]
[SourceVersion "1"]
[SourceVersionDate "2011.03.01"]
[SourceQuality "1"]

1. e4 e5 2. Nf3 Nc6 3. Bb5 a6 4. Ba4 Nf6 5. 0-0 b5 6. Bb3 Bc5 7. Re1 d6 8. h3 0-0 9. c3 Bb6 10. d3 Ne7 11. Nbd2 Ng6 12. Nf1 h6 13. a4 Bb7 14. Ng3 Re8 15. Nf5 d5 16. exd5 Nxd5 17. axb5 axb5 18. Rxa8 Bxa8 19. Bc2 c5 20. Re2 Ndf4 21. Bxf4 Bxf3 22. Bc1 Bxe2 23. Qxe2 Nf4 24. Qe4 Qa8 25. Bxf4 Qxe4 26. dxe4 exf4 27. Nd6 Rd8 28. e5 Bc7 29. Nxb5 Bxe5 30. Na3 Rd2 31. Kf1 f3 32. gxf3 Bf4 33. Ke1 g6 34. b3 Kg7 35. Be4 Rb2 0-1

[Event "HUN-chT 1011"]
[Site "Hungary"]
[Date "2010.12.05"]
[Round "4"]
[White "Istvanovszky, Martin"]
[Black "Hitter, Gabriela"]
[Result "1-0"]
[WhiteElo "2282"]
[BlackElo "2050"]
[PlyCount "83"]
[EventDate "2010.10.10"]
[EventType "team-tourn"]
[EventRounds "11"]
[EventCountry "HUN"]
[SourceTitle "EXT 2012"]
[Source "ChessBase"]
[SourceDate "2011.11.24"]
[SourceVersion "1"]
[SourceVersionDate "2011.11.24"]
[SourceQuality "1"]
[WhiteTeam "Penzugyor"]
[BlackTeam "Haladas"]
[WhiteTeamCountry "HUN"]
[BlackTeamCountry "HUN"]

1. d4 d5 2. c4 c6 3. Nf3 Nf6 4. Nc3 e6 5. e3 Nbd7 6. Qc2 Bd6 7. b3 0-0 8. Be2 b6 9. 0-0 Bb7 10. Bb2 Rc8 11. Rad1 Qc7 12. e4 dxe4 13. Nxe4 Be7 14. Ng3 Rfd8 15. Bd3 h6 16. Qe2 Bd6 17. Ne4 Be7 18. Rfe1 Nxe4 19. Bxe4 Nf6 20. Bb1 Bb4 21. Rf1 Be7 22. Qc2 a6 23. Rfe1 Kf8 24. c5 Rd5 25. b4 a5 26. a3 axb4 27. axb4 Ra8 28. Ne5 Rdd8 29. Nc4 Nd5 30. Qh7 Bf6 31. Be4 bxc5 32. bxc5 Ra2 33. Bb1 Raa8 34. Nd6 Ke7 35. Qe4 Kf8 36. Bc1 Nc3 37. Qh7 Nxb1 38. Nf5 Ke8 39. Qg8+ Kd7 40. Qxf7+ Kc8 41. Qxe6+ Kb8 42. Qb3 1-0

[Event "HUN-chT U18"]
[Site "Miskolc"]
[Date "2010.11.04"]
[Round "5.1"]
[White "Hitter, Gabriela"]
[Black "Kaczur, Florian"]
[Result "1-0"]
[WhiteElo "2050"]
[BlackElo "2013"]
[PlyCount "61"]
[EventDate "2010.11.02"]
[EventType "team-swiss"]
[EventRounds "8"]
[EventCountry "HUN"]
[SourceTitle "EXT 2016"]
[Source "ChessBase"]
[SourceDate "2015.10.08"]
[SourceVersion "1"]
[SourceVersionDate "2015.10.08"]
[SourceQuality "1"]

1. e4 c5 2. Nf3 Nc6 3. d4 cxd4 4. Nxd4 g6 5. c4 Bg7 6. Be3 Nf6 7. Nc3 Ng4 8. Qxg4 Nxd4 9. Qd1 Ne6 10. Qd2 0-0 11. Be2 b6 12. 0-0 Bb7 13. f3 d6 14. Rac1 Rc8 15. Rfd1 Qd7 16. Qe1 f5 17. exf5 gxf5 18. Bd3 f4 19. Bf2 Kh8 20. Rc2 Be5 21. Nd5 Rg8 22. Bf5 Rcf8 23. Bh3 Bc8 24. Re2 Qe8 25. Rxe5 dxe5 26. Qxe5+ Ng7 27. Bxc8 Qxc8 28. Nxe7 Re8 29. Qf6 Rd8 30. Bd4 Qxc4 31. Ng6+ 1-0

[Event "HUN-chT U18"]
[Site "Miskolc"]
[Date "2010.11.04"]
[Round "4.1"]
[White "Kantor, Gergely"]
[Black "Hitter, Gabriela"]
[Result "1-0"]
[WhiteElo "2112"]
[BlackElo "2050"]
[PlyCount "99"]
[EventDate "2010.11.02"]
[EventType "team-swiss"]
[EventRounds "8"]
[EventCountry "HUN"]
[SourceTitle "EXT 2016"]
[Source "ChessBase"]
[SourceDate "2015.10.08"]
[SourceVersion "1"]
[SourceVersionDate "2015.10.08"]
[SourceQuality "1"]

1. d4 d5 2. c4 c6 3. Nf3 Nf6 4. e3 e6 5. Nc3 Nbd7 6. Qc2 Bd6 7. Bd3 0-0 8. 0-0 dxc4 9. Bxc4 a6 10. a4 c5 11. Rd1 Qc7 12. Ne4 Nxe4 13. Qxe4 Nf6 14. Qh4 cxd4 15. Bd3 Be7 16. exd4 g6 17. Bg5 Nd5 18. Rac1 Qd8 19. Bxe7 Qxe7 20. Ng5 f6 21. Nh3 Qf7 22. Be4 Re8 23. Rd3 Qg7 24. Rf3 g5 25. Qh5 Bd7 26. Rg3 Rec8 27. Rf1 Be8 28. Qg4 Bf7 29. Bxd5 h5 30. Qe2 exd5 31. Qd2 Rc6 32. Re1 Bg6 33. Rge3 Rc7 34. Qb4 Rac8 35. Qd6 Qf7 36. f4 g4 37. Nf2 Rc6 38. Qa3 Qc7 39. g3 Rc1 40. Qb4 Rc4 41. Qd2 Qb6 42. Re6 R8c6 43. Rxc6 bxc6 44. f5 Rxd4 45. Qh6 Bf7 46. Qxf6 Re4 47. Qg5+ Kf8 48. Qh6+ Kg8 49. Rxe4 dxe4 50. f6 1-0

[Event "HUN-chT U18"]
[Site "Miskolc"]
[Date "2010.11.03"]
[Round "2.1"]
[White "Egyed, Judit"]
[Black "Hitter, Gabriela"]
[Result "0-1"]
[WhiteElo "1621"]
[BlackElo "2050"]
[PlyCount "86"]
[EventDate "2010.11.02"]
[EventType "team-swiss"]
[EventRounds "8"]
[EventCountry "HUN"]
[SourceTitle "EXT 2016"]
[Source "ChessBase"]
[SourceDate "2015.10.08"]
[SourceVersion "1"]
[SourceVersionDate "2015.10.08"]
[SourceQuality "1"]

1. e4 c5 2. Nf3 d6 3. d4 cxd4 4. Nxd4 Nf6 5. Nc3 a6 6. Bg5 e6 7. f4 Be7 8. Qf3 h6 9. Bh4 Nbd7 10. 0-0-0 Qc7 11. Bd3 g5 12. fxg5 Ne5 13. Qe2 Nfg4 14. Kb1 hxg5 15. Bg3 Nxd3 16. cxd3 Ne5 17. Bxe5 dxe5 18. Nb3 b5 19. Rc1 Qb6 20. Rhf1 Bd7 21. Qf2 Qxf2 22. Rxf2 Rxh2 23. Rcf1 b4 24. Ne2 Bb5 25. Kc2 f6 26. g4 Rh3 27. Rf3 Rh4 28. Rg3 Kf7 29. Rf2 a5 30. Nd2 Rh1 31. Nc4 Kg6 32. Rg1 Rh4 33. Rg3 a4 34. Rfg2 Rhh8 35. Ng1 Rhc8 36. b3 axb3+ 37. axb3 Ra1 38. Kb2 Rca8 39. Kc2 Bxc4 40. dxc4 R8a2+ 41. Kd3 Rd1+ 42. Ke3 Bc5+ 43. Kf3 Rd3# 0-1

[Event "HUN-chT U18"]
[Site "Miskolc"]
[Date "2010.11.02"]
[Round "1.1"]
[White "Hitter, Gabriela"]
[Black "Toth, Tamas"]
[Result "1-0"]
[WhiteElo "2050"]
[BlackElo "1717"]
[PlyCount "111"]
[EventDate "2010.11.02"]
[EventType "team-swiss"]
[EventRounds "8"]
[EventCountry "HUN"]
[SourceTitle "EXT 2016"]
[Source "ChessBase"]
[SourceDate "2015.10.08"]
[SourceVersion "1"]
[SourceVersionDate "2015.10.08"]
[SourceQuality "1"]

1. e4 c5 2. Nf3 d6 3. d4 cxd4 4. Nxd4 Nf6 5. Nc3 g6 6. Be3 Bg7 7. Qd2 Nc6 8. f3 0-0 9. 0-0-0 d5 10. Nxc6 bxc6 11. exd5 Qa5 12. Bc4 Rd8 13. Kb1 Rb8 14. Bb3 Be6 15. Ne4 Qxd2 16. Nxf6+ Bxf6 17. Rxd2 Bxd5 18. Rhd1 a5 19. c4 e6 20. cxd5 cxd5 21. f4 Be7 22. Rc1 Bb4 23. Rd3 Rb7 24. Bd4 Ra8 25. Ba4 Rab8 26. Be5 Rd8 27. Rb3 Ra7 28. a3 Bf8 29. Rc7 Rxc7 30. Bxc7 Ra8 31. Rb8 Rxb8 32. Bxb8 Kg7 33. Bc7 Kf6 34. Bxa5 Kf5 35. Bc7 f6 36. b4 e5 37. fxe5 fxe5 38. Bc2+ e4 39. Bb6 Ke5 40. Kc1 Bh6+ 41. Kd1 Bf8 42. Bc7+ Kf5 43. b5 Bxa3 44. b6 Bc5 45. b7 Ba7 46. Ba4 d4 47. Bd7+ Kf6 48. h3 d3 49. b8Q Bxb8 50. Bxb8 h5 51. Kd2 g5 52. g4 hxg4 53. hxg4 Ke7 54. Bf5 Kf6 55. Bxe4 Ke6 56. Kxd3 1-0